Pokémon - Pokémon Donjon Mystère : Équipe de Secours DX - Statistiques

Statistiques générales
  • Ce quiz a été pris 17 fois
  • Le résultat moyen est 32 sur 40
Statistiques - réponses
Question Réponse % Correct
Qui est le Pokémon nous demandant de l'aide pour sauver son enfant ?
100%
Qui est le postier ?
100%
Quel Pokémon demande de l'aide dans la Grotte Éclair ?
100%
Qui est le Pokémon ayant enlevé Taupiqueur au sommet du Mont Acier ?
100%
Qui est le Pokémon apparaissant dans nos rêves la nuit ?
100%
Qui est le troisième membre de l'équipe d'Alakazam et Dracaufeu ?
100%
Qui est le Pokémon vivant au sommet du Mont Foudre ?
100%
Qui est le premier Pokémon (en dehors du partenaire) à avoir deviné que le protagoniste n'est pas vraiment un Pokémon ?
100%
Qui est le Pokémon au village contant la Légende de Feunard ?
100%
Qui est le Pokémon Légendaire réveillé par les multiples séismes ?
100%
Qui se trouve au sommet de la tour ?
100%
Quelle attaque est utilisée pour détruire la dernière catastrophe naturelle ? Ultralaser
100%
Quelle est la dernière catastrophe naturelle ? Une Météorite
100%
Qui est le Pokémon nous rejoignant durant notre fuite ?
90%
Qui est le premier Pokémon à avoir évolué dans le village ?
90%
Quel Pokémon nous permet de changer le drapeau de notre base ?
90%
En échange de quoi les Férosinge acceptent de rénover notre base ? Châtaigne
90%
Comment se nomme le Donjon Mystère où se trouve le Pokémon Légendaire réveillé ? Mine Magma
90%
Quel est le premier Donjon Mystère de ce jeu ? Petit Bois
90%
À quoi ressemble la base suite aux travaux ? Tête du Protagoniste
90%
Quelle est la rumeur circulant autour du Val Silencieux ? Un monstre vit au fond du donjon
90%
Quelles sont les couleurs des Kecleon ? Vert & Violet
90%
Qui est le gérant de la Banque ?
80%
Qui ne fait pas partie de l'équipe improvisée pour sauver celle d'Alakazam ?
80%
Qui est l'autre humain transformé en Pokémon ?
80%
Quel est le premier Donjon Mystère que l'on explore dans notre fuite ? Grotte Lapis
80%
Après qu'Ectoplasma dise que les catastrophes de ce monde proviennent du protagoniste, quelle décision est prise par les habitants du village ? L'élimination du protagoniste
80%
Que ne contient pas le Kit de Secours que l'on reçoit ? Orbe des Liens
80%
Quel Pokémon Alakazam nous conseille de voir pour avoir des réponses à nos questions ?
70%
Quel Pokémon nous remet la Plume Diaphane ?
70%
Quel est le grade de secouriste le plus élevé ? Grand Maître
70%
Au sommet de quel Mont peut-on rencontrer Feunard ? Mont Glacial
70%
Quel est le nom du dernier Donjon Mystère de l'histoire ? Tour Céleste
70%
Comment se nomme le village à l'est de notre base ? Place Pokémon
50%
Dans quel Donjon Mystère doit-on retrouver Chrysacier ? Bois Sinistre
40%
Quel Pokémon est disponible dans sa version shiny ?
30%
Comment se nomme l'équipe d'Ectoplasma, Abo et Charmina ? Équipe Mahahaléfique
30%
Quel est le grade mission le plus élevé ? Trois Étoiles
30%
Quel Pokémon ne possède pas de capacité de type Acier dans ces capacités de départ ?
20%
Quel camp Grodoudou ne nous offre pas gratuitement lors de notre première visite ? Savane
10%
Aucun quiz correspondant
Distribution des résultats
% des personnes avec chaque résultat
Percentile par nombre de réponses
Votre historique - résultats
Vous n’avez pas pris ce quiz